00530nam a22001817a 450000500170000001000150001702000260003203500140005803500130007203700130008503700280009808200110012610000170013724500440015426000450019827000840024330000210032720130724112725.0 aENG-104407 a9789380801629c995.00 aEN -87940 aB-491463 bDBAD/PUB bLiteracy House/Venadpl a327.54 aSharma, D.K. aIndian foreign policy /cby D.K.Sharma aNew DelhibD.P.S. Publishing Housec2011 aRoom No. 213, 7/28, Mahavir Street, Ansari Road, Darya Ganj,bNew Delhie110002 a318p.c22cm (Hb)